ARRUPE JESUIT UNIVERSITY

CORONAVIRUS -STOP THE SPREAD - CLEAN,DISINFECT,COVER

Ascent to Being (Record no. 39255)

MARC details
000 -LEADER
fixed length control field 00486nam a2200205Ia 4500
003 - CONTROL NUMBER IDENTIFIER
control field 0100
008 - FIXED-LENGTH DATA ELEMENTS--GENERAL INFORMATION
fixed length control field 130303s9999 xx 000 0 und d
040 ## - CATALOGING SOURCE
Transcribing agency ARRUPELIB
050 ## - LIBRARY OF CONGRESS CALL NUMBER
Classification number B2430.M254M5 1965
300 ## - PHYSICAL DESCRIPTION
Other physical details 218p. 22cm.
100 ## - MAIN ENTRY--PERSONAL NAME
Personal name Miceli, Vincent P
245 ## - TITLE STATEMENT
Title Ascent to Being
245 ## - TITLE STATEMENT
Remainder of title Gabriel Marcel's Philosophy of Communion
260 ## - PUBLICATION, DISTRIBUTION, ETC. (IMPRINT)
Place of publication, distribution, etc New York
260 ## - PUBLICATION, DISTRIBUTION, ETC. (IMPRINT)
Name of publisher, distributor, etc Desclee Company
260 ## - PUBLICATION, DISTRIBUTION, ETC. (IMPRINT)
-- 1965
300 ## - PHYSICAL DESCRIPTION
Extent xviii
650 ## - SUBJECT ADDED ENTRY--TOPICAL TERM
Topical term or geographic name as entry element PHILOSOPHY
942 00 - ADDED ENTRY ELEMENTS (KOHA)
Koha issues (borrowed), all copies 4
Holdings
Withdrawn status Lost status Source of classification or shelving scheme Damaged status Not for loan Collection code Home library Current library Shelving location Date acquired Total Checkouts Full call number Barcode Date last seen Date checked out Copy number Price effective from Koha item type
    Library of Congress Classification     Main Collection ARRUPE LIBRARY ARRUPE LIBRARY   04/03/2013 3 B2430.M254M5 1965 46003095005 31/10/2017 27/02/2015 1 04/03/2013 Monograph ( Printed materials)
    Library of Congress Classification     Main Collection ARRUPE LIBRARY ARRUPE LIBRARY Main Collection 04/03/2013 1 B2430.M254M5 1965 46003093920 08/08/2017 09/05/2017 3 04/03/2013 Monograph ( Printed materials)

 

Arrupe Library. PO Box MP320 Mt Pleasant, Harare, Zimbabwe
263 242 745411|librarian@aju.ac.zw